Реклама в действии: история, аудитория, приемы: учебное пособие

Detalhes bibliográficos
Autor principal: Музыкант В. Л. Валерий Леонидович
Resumo:Перед вами книга о рекламе, выполненная в броском рекламном стиле. Яркий, запоминающийся слоган, проиллюстрированный слайдом, и текстовое пояснение к нему - так устроен каждый разворот книги. По этим разворотам, как по ступенькам, читатель входит во всемирную мастерскую рекламы, узнавая о том, как зародилась реклама, как она видоизменялась вместе с развитием общества, как гибко она приспосабливалась и приспосабливается к психологии и потребностям потребителя, как вырабатывает все более действенные приемы воздействия на него. Две линии книги - обзор исторических тенденций и анализ современного состояния рекламы - создают особый стереоэффект, выпукло и объемно представляя рекламу как живой развивающийся организм, как поле новых творческих решений и возможностей.
Idioma:russo
Publicado em: Москва, Эксмо, 2006
Colecção:Академия рекламы
Assuntos:
Formato: MixedMaterials Livro
KOHA link:https://koha.lib.tpu.ru/cgi-bin/koha/opac-detail.pl?biblionumber=110126

MARC

LEADER 00000nam0a2200000 4500
001 110126
005 20231031120326.0
010 |a 5699155651 
035 |a (RuTPU)RU\TPU\book\118930 
090 |a 110126 
100 |a 20070219d2006 m y0rusy50 ca 
101 0 |a rus 
102 |a RU 
105 |a a j 001zy 
200 1 |a Реклама в действии: история, аудитория, приемы  |e учебное пособие  |f В. Л. Музыкант 
210 |a Москва  |c Эксмо  |d 2006 
215 |a 240 с.  |c ил. 
225 1 |a Академия рекламы 
320 |a Библиогр.: с. 235-239. 
330 |a Перед вами книга о рекламе, выполненная в броском рекламном стиле. Яркий, запоминающийся слоган, проиллюстрированный слайдом, и текстовое пояснение к нему - так устроен каждый разворот книги. По этим разворотам, как по ступенькам, читатель входит во всемирную мастерскую рекламы, узнавая о том, как зародилась реклама, как она видоизменялась вместе с развитием общества, как гибко она приспосабливалась и приспосабливается к психологии и потребностям потребителя, как вырабатывает все более действенные приемы воздействия на него. Две линии книги - обзор исторических тенденций и анализ современного состояния рекламы - создают особый стереоэффект, выпукло и объемно представляя рекламу как живой развивающийся организм, как поле новых творческих решений и возможностей. 
610 1 |a реклама 
610 1 |a теория 
610 1 |a история 
610 1 |a рекламная деятельность 
610 1 |a приемы 
610 1 |a аудитория 
610 1 |a воздействие 
610 1 |a учебные пособия 
675 |a 659(075.8)  |v 3 
700 1 |a Музыкант  |b В. Л.  |g Валерий Леонидович 
801 1 |a RU  |b 63413507  |c 20070219  |g PSBO 
801 2 |a RU  |b 63413507  |c 20150623  |g PSBO 
942 |c BK 
959 |a 20/20070219  |d 2  |e 215,39  |f АНЛ:1  |f ЧЗГЛ:1